Ficciones
Compuesto por dos partes: El jardín de senderos que se bifurcan y Artificios, en el que se incluyen temáticas policiales, fantásticas e imaginarias. Se destacan cuentos como “La biblioteca de Babel”, “La muerte y la brújula”, “Tlön, Uqbar, Orbis Tertius”, y “El sur” considerado el mejor cuento por e...
Sábháilte in:
| Príomhchruthaitheoir: | |
|---|---|
| Formáid: | LEABHAR |
| Teanga: | Undetermined |
| Foilsithe / Cruthaithe: |
Buenos Aires, Argentina
Emecé
1958
|
| Eagrán: | 2 |
| Ábhair: | |
| Clibeanna: |
Cuir clib leis
Níl clibeanna ann, Bí ar an gcéad duine le clib a chur leis an taifead seo!
|
MARC
| LEADER | 00000nam a2200000Ia 4500 | ||
|---|---|---|---|
| 008 | 170316s9999 xx 000 0 und d | ||
| 040 | |a cru BVZT | ||
| 090 | |a 860 B-32f | ||
| 100 | |a Borges, Jorge Luis |9 1174 | ||
| 245 | |a Ficciones |c / Jorge Luis Borges | ||
| 250 | |a 2 | ||
| 260 | |a Buenos Aires, Argentina |b Emecé |c 1958 | ||
| 300 | |a 197 páginas | ||
| 520 | |a Compuesto por dos partes: El jardín de senderos que se bifurcan y Artificios, en el que se incluyen temáticas policiales, fantásticas e imaginarias. Se destacan cuentos como “La biblioteca de Babel”, “La muerte y la brújula”, “Tlön, Uqbar, Orbis Tertius”, y “El sur” considerado el mejor cuento por el mismo autor. | ||
| 650 | |a LITERATURA LATINOAMERICANA |9 15 | ||
| 999 | |c 8429 |d 8429 | ||
| 942 | |c 15 D |h 860 B-32f |2 z | ||
